3-Dimenstional Virtual shopping mart (Record no. 29094)
[ view plain ]
| 000 -LEADER | |
|---|---|
| fixed length control field | 00495nam a2200145Ia 4500 |
| 008 - FIXED-LENGTH DATA ELEMENTS--GENERAL INFORMATION | |
| fixed length control field | 250506s9999 xx 000 0 und d |
| 024 ## - OTHER STANDARD IDENTIFIER | |
| Standard number or code | 18B-005-CS, 18B-086-CS, 18B-105-CS & 18B-112-CS |
| 082 ## - DEWEY DECIMAL CLASSIFICATION NUMBER | |
| Classification number | 004.1072 IQB |
| 100 ## - MAIN ENTRY--PERSONAL NAME | |
| Personal name | Qurat ul Ain Iqbal, Nadia, Umm E Hani & Muaaz Bin Salman |
| 110 ## - MAIN ENTRY--CORPORATE NAME | |
| Corporate name or jurisdiction name as entry element | Fatima Shakeel & Shahrooz Shamim |
| 245 #0 - TITLE STATEMENT | |
| Title | 3-Dimenstional Virtual shopping mart |
| 260 ## - PUBLICATION, DISTRIBUTION, ETC. | |
| Place of publication, distribution, etc. | Karachi: |
| Name of publisher, distributor, etc. | UIT, |
| Date of publication, distribution, etc. | 2018 |
| 600 ## - SUBJECT ADDED ENTRY--PERSONAL NAME | |
| Personal name | Computer Science |
| 650 ## - SUBJECT ADDED ENTRY--TOPICAL TERM | |
| Topical term or geographic name entry element | Bachelor of Engineering (BE) |
| Withdrawn status | Lost status | Damaged status | Not for loan | Collection | Home library | Current library | Date acquired | Total checkouts | Full call number | Barcode | Date last seen | Price effective from | Koha item type |
|---|---|---|---|---|---|---|---|---|---|---|---|---|---|
| PR-Computer Science | UITU Library | UITU Library | 06/08/2023 | 004.1072 IQB | BS-646 | 05/06/2025 | 05/06/2025 | Project Report |

